[Event "Winnipeg TNT 2026.03"]
[Site "Winnipeg CAN"]
[Date "2026.03.03"]
[Round "1.1"]
[White "Gres, Yakiv"]
[Black "Atem, James"]
[Result "1-0"]
[WhiteElo "2186"]
[BlackElo "1821"]
[WhiteFideId "-1"]
[BlackFideId "-1"]
[PlyCount "89"]
[GameId "2292263031948672"]
[EventDate "2026.03.03"]
[EventType "swiss"]
[EventRounds "4"]
[EventCountry "CAN"]

1. b3 d5 2. Bb2 Nc6 3. Nf3 Nf6 4. e3 Bg4 5. d4 e6 6. Bb5 a6 7. Bxc6+ bxc6 8. h3 Bxf3 9. Qxf3 Bd6 10. Nd2 a5 11. O-O O-O 12. e4 Bb4 13. c3 Be7 14. Rad1 g6 15. Rfe1 Re8 16. Bc1 Nh5 17. e5 c5 18. dxc5 Bxc5 19. Qg4 Qb8 20. Nf3 Qa7 21. Nd4 Ng7 22. Qf4 Qb7 23. Qf6 Be7 24. Qf4 c5 25. Nc2 Nh5 26. Qf3 a4 27. c4 axb3 28. axb3 Ra2 29. Ne3 Qxb3 30. cxd5 exd5 31. Qxd5 Qxd5 32. Nxd5 Bd8 33. Bh6 Ng7 34. g4 Ne6 35. Nf6+ Bxf6 36. exf6 Raa8 37. Re5 Rac8 38. Rd7 c4 39. f4 c3 40. f5 gxf5 41. gxf5 Nc5 42. Rc7 Na4 43. Ree7 c2 44. Rxc2 Nb6 45. Rg2+ 1-0

[Event "Winnipeg TNT 2026.03"]
[Site "Winnipeg CAN"]
[Date "2026.03.03"]
[Round "1.2"]
[White "Zhang, Nicole"]
[Black "Protsiuk, Svitlana"]
[Result "0-1"]
[WhiteElo "1798"]
[BlackElo "2149"]
[WhiteFideId "-1"]
[BlackFideId "-1"]
[PlyCount "56"]
[GameId "2292263031948673"]
[EventDate "2026.03.03"]
[EventType "swiss"]
[EventRounds "4"]
[EventCountry "CAN"]

1. e4 c5 2. Nf3 Nc6 3. d4 cxd4 4. Nxd4 g6 5. Nc3 Bg7 6. Be3 Nf6 7. f3 O-O 8. Bc4 Qb6 9. Bb3 Nxe4 10. Nd5 Qa5+ 11. c3 Bxd4 12. Bxd4 Nc5 13. O-O d6 14. Re1 Nxb3 15. Qxb3 Be6 16. Nxe7+ Nxe7 17. Qxb7 Nf5 18. Bf2 Rab8 19. Qc6 Rfc8 20. Qe4 Rxb2 21. g4 Ng7 22. Bd4 Qg5 23. c4 Rxc4 24. Qa8+ Rc8 25. Qxc8+ Bxc8 26. Bxb2 Qc5+ 27. Kh1 Qf2 28. Bxg7 Bb7 0-1

[Event "Winnipeg TNT 2026.03"]
[Site "Winnipeg CAN"]
[Date "2026.03.03"]
[Round "1.3"]
[White "Babb, Jeff"]
[Black "Ling, Aiden"]
[Result "0-1"]
[WhiteElo "2027"]
[BlackElo "1786"]
[WhiteFideId "-1"]
[BlackFideId "-1"]
[PlyCount "104"]
[GameId "2292263031948674"]
[EventDate "2026.03.03"]
[EventType "swiss"]
[EventRounds "4"]
[EventCountry "CAN"]

1. e4 c5 2. Nf3 Nc6 3. Bb5 g6 4. Bxc6 dxc6 5. h3 Bg7 6. d3 e6 7. O-O Ne7 8. Nc3 O-O 9. Be3 b6 10. Qd2 Ba6 11. Bh6 Qd6 12. Bxg7 Kxg7 13. e5 Qd7 14. b3 Rad8 15. Rad1 Nf5 16. Ne4 Nd4 17. Nxd4 Qxd4 18. Qc3 Qxc3 19. Nxc3 Rd4 20. Ne4 Rxe4 21. dxe4 Bxf1 22. Kxf1 a5 23. Rd7 a4 24. Rc7 axb3 25. axb3 Ra8 26. Ke2 Ra2 27. Kd3 Ra1 28. Rxc6 Rg1 29. Rxb6 Rxg2 30. Ke3 Rh2 31. Rc6 Rxh3+ 32. f3 g5 33. Kf2 Rh2+ 34. Kg3 Rxc2 35. b4 c4 36. b5 h5 37. b6 Rb2 38. Rxc4 Rxb6 39. Rc2 Rb3 40. Kg2 Rb5 41. Kg3 Rxe5 42. Rc4 Ra5 43. Rb4 Ra3 44. Kg2 Ra2+ 45. Kg3 h4+ 46. Kh3 Kg6 47. Rb5 Rf2 48. Rb3 Kh5 49. Ra3 Rxf3+ 50. Rxf3 g4+ 51. Kg2 gxf3+ 52. Kxf3 Kg5 0-1

[Event "Winnipeg TNT 2026.03"]
[Site "Winnipeg CAN"]
[Date "2026.03.03"]
[Round "1.4"]
[White "Curtis, Rory"]
[Black "Zhou, Joe"]
[Result "0-1"]
[WhiteElo "1760"]
[BlackElo "1981"]
[WhiteFideId "-1"]
[BlackFideId "-1"]
[PlyCount "106"]
[GameId "2292263031948675"]
[EventDate "2026.03.03"]
[EventType "swiss"]
[EventRounds "4"]
[EventCountry "CAN"]

1. d4 d5 2. c4 e6 3. cxd5 exd5 4. Nc3 Nf6 5. Nf3 c6 6. Bf4 Bd6 7. Bg5 O-O 8. e3 h6 9. Bh4 Bf5 10. Bd3 Bxd3 11. Qxd3 Nbd7 12. O-O Re8 13. Rac1 Qb6 14. Qb1 Rac8 15. a3 Ne4 16. Nxe4 Rxe4 17. Bg3 Bxg3 18. hxg3 Ree8 19. b4 Qa6 20. Rc3 Qa4 21. Rfc1 Qb5 22. Qf5 Rcd8 23. g4 g6 24. Qf4 Kg7 25. g5 h5 26. Ne5 Nxe5 27. Qf6+ Kg8 28. dxe5 Qb6 29. Qf4 d4 30. exd4 Qxd4 31. Qxd4 Rxd4 32. Re3 Rg4 33. Rd1 Re7 34. Rg3 Rxg3 35. fxg3 Rxe5 36. Rd7 Rb5 37. Kf2 a5 38. bxa5 Rf5+ 39. Ke3 Rxg5 40. Kf4 Rf5+ 41. Ke4 Rxa5 42. Rxb7 Rxa3 43. Kf4 c5 44. Rc7 Rc3 45. Rc6 Kf8 46. Rc7 Kg7 47. Rc6 Rc4+ 48. Ke5 Rg4 49. Rxc5 Rg5+ 50. Kd4 Rxc5 51. Kxc5 Kf6 52. Kd4 Kf5 53. Ke3 Kg4 0-1

[Event "Winnipeg TNT 2026.03"]
[Site "Winnipeg CAN"]
[Date "2026.03.03"]
[Round "1.5"]
[White "Kuryliw, Ray"]
[Black "Kim, Sunyo"]
[Result "0-1"]
[WhiteElo "1916"]
[BlackElo "1705"]
[WhiteFideId "-1"]
[BlackFideId "-1"]
[PlyCount "74"]
[GameId "2292263032018308"]
[EventDate "2026.03.03"]
[EventType "swiss"]
[EventRounds "4"]
[EventCountry "CAN"]

1. d4 Nf6 2. Bf4 d5 3. e3 e6 4. Bd3 Bd6 5. Bg3 O-O 6. Nf3 b6 7. Ne5 c5 8. c3 Bb7 9. Nd2 c4 10. Bc2 Be7 11. f4 Nbd7 12. Qf3 Nxe5 13. fxe5 Nd7 14. Qg4 Bg5 15. Nf3 Bxe3 16. Bh4 Qe8 17. Qh5 f5 18. exf6 Qxh5 19. fxg7 Kxg7 20. Bg3 Bf4 21. Bxf4 Rxf4 22. O-O-O Raf8 23. Rde1 Qh6 24. Kb1 a5 25. h4 R8f6 26. a3 Nf8 27. Ka2 Kh8 28. h5 Qg7 29. Reg1 b5 30. Ne5 b4 31. axb4 axb4 32. Bd1 b3+ 33. Kb1 Qc7 34. g3 Rf2 35. Ng4 Qa5 36. Nxf2 Qa2+ 37. Kc1 Rxf2 0-1

[Event "Winnipeg TNT 2026.03"]
[Site "Winnipeg CAN"]
[Date "2026.03.03"]
[Round "1.6"]
[White "Gannon, Keith"]
[Black "Wang, Lucas"]
[Result "0-1"]
[WhiteElo "1556"]
[BlackElo "1905"]
[WhiteFideId "-1"]
[BlackFideId "-1"]
[PlyCount "72"]
[GameId "2292263032018309"]
[EventDate "2026.03.03"]
[EventType "swiss"]
[EventRounds "4"]
[EventCountry "CAN"]

1. d4 d5 2. e3 Nf6 3. c4 c6 4. Nf3 Bg4 5. h3 Bh5 6. c5 Nbd7 7. Be2 e6 8. Nc3 Be7 9. O-O O-O 10. b4 Qc7 11. a4 Bg6 12. a5 Ne4 13. Nxe4 dxe4 14. Ne1 e5 15. Bb2 exd4 16. Bxd4 Bf6 17. Bxf6 Nxf6 18. Nc2 Rad8 19. Nd4 Qe5 20. Qb3 Nd5 21. Rfd1 a6 22. Rac1 Nc7 23. Bg4 Kh8 24. Qc4 f5 25. Be2 Bf7 26. Qc3 Nd5 27. Qb2 f4 28. exf4 Nxf4 29. Bf1 Rd5 30. Qa1 Rfd8 31. Bc4 Rxd4 32. Rxd4 Qxd4 33. Qxd4 Rxd4 34. Bxf7 Ne2+ 35. Kf1 Nxc1 36. Be6 Rd1# 0-1

[Event "Winnipeg TNT 2026.03"]
[Site "Winnipeg CAN"]
[Date "2026.03.03"]
[Round "1.7"]
[White "Rutter, Blair"]
[Black "Zhang, Oscar"]
[Result "1-0"]
[WhiteElo "1853"]
[BlackElo "1366"]
[WhiteFideId "-1"]
[BlackFideId "-1"]
[PlyCount "107"]
[GameId "2292263032018310"]
[EventDate "2026.03.03"]
[EventType "swiss"]
[EventRounds "4"]
[EventCountry "CAN"]

1. c4 e5 2. g3 Nc6 3. Bg2 Nf6 4. Nc3 Bb4 5. e4 Bxc3 6. dxc3 d6 7. Ne2 Be6 8. b3 h6 9. O-O Qd7 10. f3 Bh3 11. Be3 Bxg2 12. Kxg2 h5 13. h4 O-O-O 14. b4 Qe6 15. Qb3 a6 16. a4 b5 17. axb5 axb5 18. Ra6 Nb8 19. Ra8 Kb7 20. Qa2 Qxc4 21. Qa7+ Kc6 22. Rf2 Kd7 23. Qb7 Qc6 24. Ra7 Qxb7 25. Rxb7 Nc6 26. Rxb5 Ra8 27. Nc1 Nd8 28. Nb3 Ra3 29. Rb2 Ra8 30. c4 Nc6 31. Na5 Nxa5 32. bxa5 Ra6 33. R2b3 Rha8 34. Bd2 Rd8 35. Rd3 Ke7 36. Bb4 Ke8 37. Kf2 g6 38. Ke2 Rc8 39. Kd2 Rd8 40. Kc2 Rda8 41. Kb3 Rc8 42. Ka4 Rca8 43. c5 dxc5 44. Rxc5 Re6 45. Rxc7 Rd8 46. Rxd8+ Kxd8 47. Rxf7 Nd7 48. Rg7 Kc7 49. Rf7 Kc6 50. g4 Nc5+ 51. Bxc5 Kxc5 52. Rc7+ Kd6 53. Rc3 Kd7 54. Kb5 1-0

[Event "Winnipeg TNT 2026.03"]
[Site "Winnipeg CAN"]
[Date "2026.03.03"]
[Round "1.8"]
[White "Trueman, Francis"]
[Black "Zhang, Ian"]
[Result "0-1"]
[WhiteElo "1331"]
[BlackElo "1845"]
[WhiteFideId "-1"]
[BlackFideId "-1"]
[PlyCount "32"]
[GameId "2292263032018311"]
[EventDate "2026.03.03"]
[EventType "swiss"]
[EventRounds "4"]
[EventCountry "CAN"]

1. e4 d5 2. Qe2 dxe4 3. Qxe4 Nf6 4. Qe2 c6 5. Nf3 Bf5 6. d3 e6 7. g3 Bb4+ 8. Nbd2 Nbd7 9. Bg2 O-O 10. O-O Nb6 11. c3 Bxd3 12. Qd1 Bxf1 13. cxb4 Bxg2 14. Kxg2 Nbd5 15. a3 Ng4 16. h3 Nge3+ 0-1

[Event "Winnipeg TNT 2026.03"]
[Site "Winnipeg CAN"]
[Date "2026.03.03"]
[Round "1.9"]
[White "Pottinger, Carl"]
[Black "Mandusic, Ante"]
[Result "1-0"]
[WhiteElo "1835"]
[BlackElo "1258"]
[WhiteFideId "-1"]
[BlackFideId "-1"]
[PlyCount "69"]
[GameId "2292263032018312"]
[EventDate "2026.03.03"]
[EventType "swiss"]
[EventRounds "4"]
[EventCountry "CAN"]

1. d4 d5 2. Nf3 Nc6 3. Bf4 e6 4. e3 Bd6 5. Bg3 Nge7 6. c3 O-O 7. Bd3 Ng6 8. Nbd2 Bd7 9. Qc2 Nce7 10. e4 Bxg3 11. hxg3 dxe4 12. Nxe4 Qe8 13. O-O-O b5 14. Rh5 a5 15. Rdh1 h6 16. Rxh6 gxh6 17. Nf6+ Kg7 18. Nxe8+ Raxe8 19. Qd2 Rh8 20. Qe2 c6 21. Ne5 Rd8 22. f4 f5 23. Nxd7 Rxd7 24. Qxe6 Rdd8 25. Bxf5 Nxf5 26. Qxf5 Rdf8 27. Qd7+ Rf7 28. Qxc6 Rb8 29. f5 Rxf5 30. Qc7+ Rf7 31. Qxb8 Rf8 32. Qxb5 Rf7 33. Qh5 Nf8 34. Qxh6+ Kg8 35. Qh8# 1-0

[Event "Winnipeg TNT 2026.03"]
[Site "Winnipeg CAN"]
[Date "2026.03.10"]
[Round "2.1"]
[White "Zhang, Ian"]
[Black "Gres, Yakiv"]
[Result "1/2-1/2"]
[WhiteElo "1845"]
[BlackElo "2186"]
[WhiteFideId "-1"]
[BlackFideId "-1"]
[PlyCount "90"]
[GameId "2292263032018313"]
[EventDate "2026.03.03"]
[EventType "swiss"]
[EventRounds "4"]
[EventCountry "CAN"]

1. e4 e5 2. Nc3 Nf6 3. f4 d5 4. fxe5 Nxe4 5. Qf3 Nc6 6. Bb5 Nxc3 7. bxc3 Qh4+ 8. g3 Qe4+ 9. Qxe4 dxe4 10. Ne2 Bd7 11. Bxc6 Bxc6 12. Nd4 Bd7 13. Bb2 c5 14. Nb3 O-O-O 15. O-O-O Re8 16. Rhf1 Rxe5 17. Rxf7 c4 18. Nd4 Rg8 19. Rdf1 Be7 20. R7f2 Bg5 21. h4 e3 22. Rf8+ Kc7 23. hxg5 e2 24. Nxe2 Rxf8 25. Rxf8 Rxe2 26. Ba3 Re1+ 27. Kb2 Re5 28. Rf4 b5 29. Rd4 Rxg5 30. Bd6+ Kc6 31. Bf4 Rd5 32. Rxd5 Kxd5 33. d4 h6 34. Be5 g5 35. Bg7 h5 36. Bf6 g4 37. a3 Ke4 38. Kc1 Kf3 39. Bh4 Ke2 40. Bg5 Bf5 41. Bh4 Kf2 42. Kd2 Be4 43. Kc1 Ke1 44. Bg5 Ke2 45. Bh4 Kf3 1/2-1/2

[Event "Winnipeg TNT 2026.03"]
[Site "Winnipeg CAN"]
[Date "2026.03.10"]
[Round "2.2"]
[White "Protsiuk, Svitlana"]
[Black "Rutter, Blair"]
[Result "1-0"]
[WhiteElo "2149"]
[BlackElo "1853"]
[WhiteFideId "-1"]
[BlackFideId "-1"]
[PlyCount "97"]
[GameId "2292263032018314"]
[EventDate "2026.03.03"]
[EventType "swiss"]
[EventRounds "4"]
[EventCountry "CAN"]

1. e4 e6 2. d4 d5 3. exd5 exd5 4. c4 Nf6 5. Nc3 c6 6. Nf3 Bd6 7. Bg5 O-O 8. cxd5 Re8+ 9. Be2 Bg4 10. O-O cxd5 11. Qb3 Nbd7 12. Qxb7 Rb8 13. Qa6 Rb6 14. Qa4 Rxb2 15. h3 Bf5 16. Qa6 Bb4 17. Nxd5 Nb8 18. Bxf6 Qxd5 19. Qb5 Qd7 20. Be5 Nc6 21. Bc4 Be4 22. Ng5 Bg6 23. Rac1 Nxe5 24. dxe5 Qe7 25. e6 f6 26. Nf7 Ba3 27. Qa4 Bc5 28. Rcd1 Bc2 29. Qxe8+ Qxe8 30. Rd8 Kf8 31. Rc1 Qxd8 32. Nxd8 Ba4 33. Be2 Bb6 34. Rc8 Bxd8 35. Rxd8+ Ke7 36. Ra8 Rxe2 37. Rxa7+ Kxe6 38. Rxa4 h5 39. g3 g5 40. Kg2 f5 41. Ra8 Kf6 42. a4 Ra2 43. a5 Ke6 44. a6 Kd7 45. a7 Kc7 46. Rg8 Rxa7 47. Rxg5 Ra5 48. Rxh5 Kd6 49. g4 1-0

[Event "Winnipeg TNT 2026.03"]
[Site "Winnipeg CAN"]
[Date "2026.03.10"]
[Round "2.3"]
[White "Zhou, Joe"]
[Black "Pottinger, Carl"]
[Result "1-0"]
[WhiteElo "1981"]
[BlackElo "1834"]
[WhiteFideId "-1"]
[BlackFideId "-1"]
[PlyCount "65"]
[GameId "2292263032018315"]
[EventDate "2026.03.03"]
[EventType "swiss"]
[EventRounds "4"]
[EventCountry "CAN"]

1. Nf3 d5 2. e3 Nf6 3. c4 e6 4. Nc3 c6 5. b3 g6 6. d4 Bg7 7. Bd3 O-O 8. O-O Nbd7 9. h3 Qc7 10. a4 dxc4 11. Bxc4 e5 12. Bb2 exd4 13. Nxd4 Nb6 14. Qe2 Nxc4 15. Qxc4 Qa5 16. Rfd1 Qg5 17. Nf3 Qh5 18. Qf4 Be6 19. Nd4 Rfe8 20. Nxe6 Rxe6 21. Rd2 Rae8 22. Rad1 Qe5 23. Qxe5 Rxe5 24. Ne2 R5e7 25. Rd8 c5 26. Nf4 b6 27. Bxf6 Bxf6 28. Rxe8+ Rxe8 29. Rd7 Ra8 30. Nd5 Bg7 31. Kf1 Kf8 32. Rb7 f5 33. Nc7 1-0

[Event "Winnipeg TNT 2026.03"]
[Site "Winnipeg CAN"]
[Date "2026.03.10"]
[Round "2.4"]
[White "Wang, Lucas"]
[Black "Ling, Aiden"]
[Result "1/2-1/2"]
[WhiteElo "1905"]
[BlackElo "1786"]
[WhiteFideId "-1"]
[BlackFideId "-1"]
[PlyCount "74"]
[GameId "2292263032018316"]
[EventDate "2026.03.03"]
[EventType "swiss"]
[EventRounds "4"]
[EventCountry "CAN"]

1. d4 d5 2. Nf3 Bf5 3. c4 e6 4. cxd5 exd5 5. Nc3 Nf6 6. Bg5 c6 7. e3 Be7 8. Bd3 Bxd3 9. Qxd3 h6 10. Bf4 Nbd7 11. O-O O-O 12. Rab1 a5 13. a3 Re8 14. b4 axb4 15. axb4 Ne4 16. Rb3 Nxc3 17. Qxc3 Nf6 18. b5 Ne4 19. Qc2 c5 20. dxc5 Bxc5 21. Qd3 Bf8 22. Rb2 Ra3 23. Qc2 Rc3 24. Qe2 Bd6 25. Bxd6 Qxd6 26. Rd1 Rec8 27. Nd4 Rc1 28. Qe1 Rxd1 29. Qxd1 Qa3 30. Rb1 Qa2 31. Qe1 Nxf2 32. Ra1 Qb2 33. Rb1 Qa2 34. Ra1 Qb2 35. Rb1 Qa2 36. Ra1 Qb2 37. Rb1 Qa2 {,5-,5} 1/2-1/2

[Event "Winnipeg TNT 2026.03"]
[Site "Winnipeg CAN"]
[Date "2026.03.10"]
[Round "2.5"]
[White "Kim, Sunyo"]
[Black "Essery, Richard"]
[Result "1-0"]
[WhiteElo "1705"]
[BlackElo "1529"]
[WhiteFideId "-1"]
[BlackFideId "-1"]
[PlyCount "59"]
[GameId "2292263032018317"]
[EventDate "2026.03.03"]
[EventType "swiss"]
[EventRounds "4"]
[EventCountry "CAN"]

1. Nf3 c5 2. e4 d5 3. exd5 Nf6 4. c4 e6 5. dxe6 Bxe6 6. Be2 Nc6 7. O-O Qc7 8. d3 O-O-O 9. Nc3 Bxc4 10. Qc2 Nb4 11. Qa4 Ba6 12. d4 cxd4 13. Bxa6 dxc3 14. Be2 cxb2 15. Bxb2 Kb8 16. Be5 Bd6 17. Rfc1 Qe7 18. Qxb4 Qxe5 19. Nxe5 Bxb4 20. Nxf7 Rd2 21. Nxh8 Rxe2 22. Kf1 Re8 23. Nf7 h6 24. Rd1 Ba5 25. Nd6 Rf8 26. Rab1 Bb6 27. f3 Ng4 28. Ke2 Ne5 29. Ne4 Re8 30. Rd5 1-0

[Event "Winnipeg TNT 2026.03"]
[Site "Winnipeg CAN"]
[Date "2026.03.10"]
[Round "2.6"]
[White "Pacin, Ondrej"]
[Black "Zhang, Chloe"]
[Result "1-0"]
[WhiteElo "1471"]
[BlackElo "1142"]
[WhiteFideId "-1"]
[BlackFideId "-1"]
[PlyCount "75"]
[GameId "2292263032018318"]
[EventDate "2026.03.03"]
[EventType "swiss"]
[EventRounds "4"]
[EventCountry "CAN"]

1. e4 e5 2. Nf3 Nc6 3. Bc4 Bc5 4. c3 Nf6 5. d4 exd4 6. cxd4 Bb4+ 7. Nc3 Nxe4 8. O-O Bxc3 9. d5 Ne7 10. Qd3 Nd6 11. bxc3 O-O 12. Ba3 Nxc4 13. Qxc4 d6 14. Qd3 Bf5 15. Qd4 c5 16. dxc6 bxc6 17. Bxd6 Re8 18. Qc5 Be4 19. Nd4 Rc8 20. Rfe1 Ng6 21. Bg3 a6 22. f3 Bd5 23. c4 Rxe1+ 24. Bxe1 Be6 25. Nxe6 fxe6 26. Qe3 Qf6 27. Bc3 Qe7 28. Re1 Re8 29. Kh1 Nh4 30. Qe2 Nf5 31. Qe4 c5 32. a3 Nd6 33. Qg4 h6 34. Rxe6 Qd7 35. Rxe8+ Nxe8 36. Qxd7 Kf8 37. Qf5+ Kg8 38. Qxc5 1-0

[Event "Winnipeg TNT 2026.03"]
[Site "Winnipeg CAN"]
[Date "2026.03.10"]
[Round "2.7"]
[White "Curtis, Rory"]
[Black "Babb, Jeff"]
[Result "1-0"]
[WhiteElo "1760"]
[BlackElo "2027"]
[WhiteFideId "-1"]
[BlackFideId "-1"]
[PlyCount "107"]
[GameId "2292263032018319"]
[EventDate "2026.03.03"]
[EventType "swiss"]
[EventRounds "4"]
[EventCountry "CAN"]

1. d4 d5 2. c4 Nc6 3. Nc3 dxc4 4. Nf3 Bg4 5. e3 e6 6. Bxc4 Bd6 7. O-O Nge7 8. a3 O-O 9. b4 a6 10. Bb2 Nf5 11. h3 Bxf3 12. Qxf3 Rb8 13. Ne4 Nce7 14. Ng5 h6 15. Nxf7 Rxf7 16. Bxe6 Qf8 17. Bxf7+ Qxf7 18. e4 c6 19. exf5 Qxf5 20. Qxf5 Nxf5 21. Rfe1 Rd8 22. Re4 Kf7 23. Rae1 h5 24. g3 Rd7 25. Kg2 Bc7 26. f4 Nd6 27. R4e2 Nc4 28. Bc1 Bb6 29. g4 hxg4 30. hxg4 Bd8 31. g5 Rxd4 32. Re4 Rxe4 33. Rxe4 Nb6 34. Bb2 Nd5 35. Kf3 Bb6 36. Bd4 Bc7 37. f5 Bd8 38. g6+ Kf8 39. Bc5+ Be7 40. Bxe7+ Nxe7 41. Kf4 Nd5+ 42. Ke5 Ke7 43. Kd4+ Kf6 44. Re5 Nc7 45. a4 b6 46. Ke4 b5 47. a5 Nd5 48. Re6+ Kg5 49. Rxc6 Nxb4 50. Rc7 Kf6 51. Rf7+ Kg5 52. Rxg7 Nc6 53. Rc7 Nxa5 54. g7 1-0

[Event "Winnipeg TNT 2026.03"]
[Site "Winnipeg CAN"]
[Date "2026.03.10"]
[Round "2.8"]
[White "Zhang, Oscar"]
[Black "Kuryliw, Ray"]
[Result "0-1"]
[WhiteElo "1366"]
[BlackElo "1916"]
[WhiteFideId "-1"]
[BlackFideId "-1"]
[PlyCount "92"]
[GameId "2292263032018320"]
[EventDate "2026.03.03"]
[EventType "swiss"]
[EventRounds "4"]
[EventCountry "CAN"]

1. e4 c6 2. Nf3 d5 3. exd5 cxd5 4. d4 Nc6 5. Nc3 Nf6 6. Bf4 a6 7. h3 g6 8. Be2 Bg7 9. O-O O-O 10. Ne5 Nd7 11. Nxc6 bxc6 12. Qd2 Qb6 13. Na4 Qxd4 14. Qxd4 Bxd4 15. c3 Bg7 16. Rac1 e5 17. Bg3 f5 18. f4 e4 19. Bh2 Rd8 20. b3 c5 21. g4 Bb7 22. Nb2 Rac8 23. Nd1 d4 24. cxd4 cxd4 25. Rxc8 Rxc8 26. Bc4+ Kh8 27. Nf2 Nb6 28. Be2 Nd5 29. Bc4 Ne3 30. Rc1 Nxc4 31. bxc4 d3 32. Rd1 Rxc4 33. Nxd3 exd3 34. Rxd3 Rd4 35. Rb3 Rd7 36. Kf1 Bd4 37. Rd3 Bc6 38. Rd2 Bb5+ 39. Kg2 Kg8 40. Bg3 Kf7 41. g5 Ke6 42. Kf3 Bb6 43. Rc2 Rd3+ 44. Ke2 Rxg3+ 45. Ke1 Rg1+ 46. Kd2 Rg2+ 0-1

[Event "Winnipeg TNT 2026.03"]
[Site "Winnipeg CAN"]
[Date "2026.03.10"]
[Round "2.9"]
[White "Atem, James"]
[Black "Gannon, Keith"]
[Result "1-0"]
[WhiteElo "1821"]
[BlackElo "1556"]
[WhiteFideId "-1"]
[BlackFideId "-1"]
[PlyCount "79"]
[GameId "2292263032018321"]
[EventDate "2026.03.03"]
[EventType "swiss"]
[EventRounds "4"]
[EventCountry "CAN"]

1. c4 e5 2. Nc3 Nf6 3. e4 Bc5 4. Nf3 Nc6 5. Be2 O-O 6. a3 a5 7. d3 h6 8. Nxe5 Bxf2+ 9. Kxf2 Nxe5 10. d4 Ng6 11. e5 Nh7 12. Bd3 d6 13. exd6 Qh4+ 14. Kf1 cxd6 15. Be3 Bg4 16. Qc2 Qf6+ 17. Kg1 Ng5 18. Nd5 Qd8 19. h4 Nxh4 20. Rf1 Ng6 21. Bxg6 fxg6 22. Rxf8+ Qxf8 23. Bxg5 hxg5 24. Qxg6 Bf5 25. Qxf5 Qxf5 26. Ne7+ Kf7 27. Nxf5 Rd8 28. d5 g6 29. Rh7+ Kg8 30. Rg7+ Kf8 31. Rxg6 Re8 32. Rxd6 Re1+ 33. Kf2 Rb1 34. Rb6 Rc1 35. Ne3 a4 36. Rxb7 g4 37. d6 Ke8 38. Ke2 Kd8 39. Kd2 Rh1 40. Nxg4 1-0

[Event "Winnipeg TNT 2026.03"]
[Site "Winnipeg CAN"]
[Date "2026.03.10"]
[Round "2.10"]
[White "Trueman, Francis"]
[Black "Zhang, Nicole"]
[Result "0-1"]
[WhiteElo "1331"]
[BlackElo "1798"]
[WhiteFideId "-1"]
[BlackFideId "-1"]
[PlyCount "72"]
[GameId "2292263032018322"]
[EventDate "2026.03.03"]
[EventType "swiss"]
[EventRounds "4"]
[EventCountry "CAN"]

1. e4 e5 2. Nf3 Nc6 3. g3 Nf6 4. d3 d5 5. Nbd2 Bc5 6. Bg2 O-O 7. O-O Bg4 8. Re1 Qd7 9. c3 Rad8 10. Qe2 Rfe8 11. Nf1 h6 12. h4 b5 13. a4 a6 14. Bd2 d4 15. N1h2 Bh5 16. Red1 dxc3 17. Bxc3 b4 18. Be1 Ng4 19. Bh3 Qe6 20. Rac1 Bb6 21. Nxg4 Bxg4 22. Bxg4 Qxg4 23. Rxc6 Qxg3+ 24. Kf1 Qh3+ 25. Kg1 Rd6 26. Rxd6 cxd6 27. d4 Re6 28. Rd3 Rg6+ 29. Ng5 Qxh4 30. f4 Qxf4 31. Kh1 Qxg5 32. Rg3 Qh4+ 33. Kg2 Rxg3+ 34. Bxg3 Qg5 35. Qxa6 Bxd4 36. Qe2 h5 0-1

[Event "Winnipeg TNT 2026.03"]
[Site "Winnipeg CAN"]
[Date "2026.03.17"]
[Round "3.1"]
[White "Kim, Sunyo"]
[Black "Zhou, Joe"]
[Result "0-1"]
[WhiteElo "1705"]
[BlackElo "1981"]
[WhiteFideId "-1"]
[BlackFideId "-1"]
[PlyCount "84"]
[GameId "2292263032018323"]
[EventDate "2026.03.03"]
[EventType "swiss"]
[EventRounds "4"]
[EventCountry "CAN"]

1. c4 c5 2. g3 Nf6 3. Bg2 g6 4. Nf3 Bg7 5. Nc3 Nc6 6. O-O O-O 7. d3 d6 8. Bd2 Rb8 9. Qc1 Re8 10. Re1 Bd7 11. Rb1 a6 12. a4 e5 13. b3 Qc7 14. Bg5 Be6 15. Bxf6 Bxf6 16. Ng5 Bxg5 17. Qxg5 Qe7 18. Qh6 f5 19. Bd5 Qg7 20. Qh4 Nb4 21. Bxe6+ Rxe6 22. Nd5 Nxd5 23. cxd5 Ree8 24. e4 Qf7 25. b4 b6 26. Qg5 Rec8 27. Rec1 Kg7 28. Qe3 Qd7 29. a5 bxa5 30. bxa5 Rb5 31. Qd2 Rcb8 32. Qa2 fxe4 33. dxe4 Qb7 34. Rxb5 Qxb5 35. Ra1 Qb2 36. Qa4 Rb5 37. Ra2 Qd4 38. Qc2 Rb4 39. Kf1 c4 40. f3 c3 41. Qf2 Qxf2+ 42. Rxf2 Rb2 0-1

[Event "Winnipeg TNT 2026.03"]
[Site "Winnipeg CAN"]
[Date "2026.03.17"]
[Round "3.2"]
[White "Gres, Yakiv"]
[Black "Pacin, Ondrej"]
[Result "1-0"]
[WhiteElo "2186"]
[BlackElo "1471"]
[WhiteFideId "-1"]
[BlackFideId "-1"]
[PlyCount "95"]
[GameId "2292263032018324"]
[EventDate "2026.03.03"]
[EventType "swiss"]
[EventRounds "4"]
[EventCountry "CAN"]

1. b3 e5 2. Bb2 Nc6 3. e3 d6 4. d4 exd4 5. exd4 d5 6. Nf3 Nf6 7. Bb5 a6 8. Bxc6+ bxc6 9. O-O Be7 10. Ne5 Bb7 11. c4 O-O 12. c5 Nd7 13. Nd3 Re8 14. Nd2 Bf6 15. b4 Nf8 16. Nb3 Ng6 17. Na5 Rb8 18. Nxb7 Rxb7 19. Qa4 Re6 20. Rae1 Rxe1 21. Rxe1 Ne7 22. Ne5 Bxe5 23. dxe5 a5 24. a3 axb4 25. axb4 Rb8 26. e6 f6 27. h4 Qe8 28. Bc1 Rc8 29. Bf4 Ng6 30. Bg3 Ne7 31. Qc2 Qf8 32. Qd3 Qe8 33. Bd6 Qd8 34. Bxe7 Qxe7 35. Qa6 Qe8 36. e7 Kf7 37. Qe2 Rb8 38. Qe6+ Kg6 39. h5+ Kh6 40. Qe3+ g5 41. hxg6+ Kxg6 42. Qg3+ Kf7 43. Qh4 Kg7 44. Re3 Qf7 45. Qg4+ Kh8 46. Qd7 Re8 47. Re1 Kg7 48. Qxc7 1-0

[Event "Winnipeg TNT 2026.03"]
[Site "Winnipeg CAN"]
[Date "2026.03.17"]
[Round "3.3"]
[White "Ling, Aiden"]
[Black "Zhang, Ian"]
[Result "1/2-1/2"]
[WhiteElo "1786"]
[BlackElo "1845"]
[WhiteFideId "-1"]
[BlackFideId "-1"]
[PlyCount "66"]
[GameId "2292263032018325"]
[EventDate "2026.03.03"]
[EventType "swiss"]
[EventRounds "4"]
[EventCountry "CAN"]

1. e4 d5 2. exd5 Qxd5 3. Nc3 Qd8 4. Nf3 Nf6 5. d4 c6 6. Be2 Bf5 7. O-O e6 8. Bf4 Be7 9. h3 O-O 10. Nh4 Bg6 11. Nxg6 hxg6 12. Bf3 Nbd7 13. Qe2 Nb6 14. Rad1 Qd7 15. Bh2 Rfd8 16. Ne4 Qe8 17. Nxf6+ Bxf6 18. c3 Nd5 19. Bxd5 Rxd5 20. Be5 Bxe5 21. dxe5 Rad8 22. Rxd5 Rxd5 23. Rd1 Qd7 24. Rxd5 Qxd5 25. c4 Qd4 26. b3 a6 27. g3 Kh7 28. h4 Kg8 29. Kh2 Kh7 30. Kg1 Kg8 31. Kh2 Kh7 32. Kg1 Kg8 33. Kh2 Kh7 1/2-1/2

[Event "Winnipeg TNT 2026.03"]
[Site "Winnipeg CAN"]
[Date "2026.03.17"]
[Round "3.4"]
[White "Kuryliw, Ray"]
[Black "Wang, Lucas"]
[Result "1-0"]
[WhiteElo "1916"]
[BlackElo "1905"]
[WhiteFideId "-1"]
[BlackFideId "-1"]
[PlyCount "115"]
[GameId "2292263032018326"]
[EventDate "2026.03.03"]
[EventType "swiss"]
[EventRounds "4"]
[EventCountry "CAN"]

1. d4 Nf6 2. Bf4 d5 3. e3 c5 4. Nc3 a6 5. Nf3 Nc6 6. Ne5 Bf5 7. Bd3 Bxd3 8. Qxd3 e6 9. Ne2 Bd6 10. Bg3 Rc8 11. c3 O-O 12. f4 Ne4 13. O-O Ne7 14. Bh4 f6 15. Nf3 Nf5 16. Bf2 c4 17. Qc2 Nxf2 18. Kxf2 Nh6 19. h3 e5 20. Kg1 e4 21. Nh2 g5 22. fxg5 fxg5 23. Rxf8+ Qxf8 24. Rf1 Nf5 25. Ng4 h5 26. Rxf5 Qg7 27. Rxd5 Bc7 28. Qxe4 Rf8 29. Rf5 Rxf5 30. Qxf5 hxg4 31. Qxg4 Kh7 32. e4 b5 33. Qf5+ Kh6 34. e5 Bd8 35. Ng3 a5 36. Ne4 a4 37. Nd6 Qe7 38. g4 Bc7 39. Nf7+ Kg7 40. Nxg5 Qe8 41. Ne6+ Kg8 42. Nxc7 Qe7 43. Ne6 b4 44. a3 b3 45. Qf6 Qb7 46. Qg7+ Qxg7 47. Nxg7 Kxg7 48. d5 Kf7 49. h4 Ke7 50. h5 Kf7 51. g5 Ke7 52. g6 Kf8 53. h6 Ke7 54. h7 Kf8 55. h8=Q+ Ke7 56. g7 Kf7 57. g8=Q+ Ke7 58. Qe8# 1-0